LIBRARY & INFORMATION CENTRE, KCAET, TAVANUR

ONLINE PUBLIC ACCESS CATALOGUE (OPAC)

Introductory digital image processing: remote sensing perspective / (Record no. 14307)

MARC details
000 -LEADER
fixed length control field 00467nam a22001697a 4500
003 - CONTROL NUMBER IDENTIFIER
control field OSt
008 - FIXED-LENGTH DATA ELEMENTS--GENERAL INFORMATION
fixed length control field 240322b |||||||| |||| 00| 0 eng d
020 ## - INTERNATIONAL STANDARD BOOK NUMBER
ISBN 9780134058160
041 ## - LANGUAGE CODE
Language code of text/sound track or separate title eng
082 ## - DEWEY DECIMAL CLASSIFICATION NUMBER
Classification number 771
Item number JEN/IN
100 ## - MAIN ENTRY--AUTHOR NAME
Personal name Jensen,John. R
245 ## - TITLE STATEMENT
Title Introductory digital image processing: remote sensing perspective /
250 ## - EDITION STATEMENT
Edition statement 4
260 ## - PUBLICATION, DISTRIBUTION, ETC. (IMPRINT)
Place of publication Glenview :
Name of publisher Pearson Series in Geographic Information Science,
Year of publication 2016.
300 ## - PHYSICAL DESCRIPTION
Number of Pages 623 p.
942 ## - ADDED ENTRY ELEMENTS (KOHA)
Koha item type Books
Holdings
Withdrawn status Lost status Damaged status Collection code Home library Current library Shelving location Date acquired Source of acquisition Cost, normal purchase price Full call number Accession Number Koha item type
      Non-fiction KAUAET KAUAET General Stacks 15/06/2016 Penta Books, Calicut 13708.04 771 JEN/IN 25074 Books
free website counter